Estadísticas para Elementos con nombres cortos

Haz click aquí para intentar la prueba.

Estadísticas generales

  • Esta prueba ha sido intentada 1.530 veces
  • La puntuación promedio es 18 de 33

Estadísticas de respuestas

#Elemento% Correcto
3Oro
93%
5Plata
90%
5Helio
80%
5Litio
75%
5Sodio
75%
4Boro
74%
4Neón
73%
5Xenón
72%
4Yodo
70%
5Cobre
67%
5Argón
66%
5Radio
65%
5Cloro
64%
5Flúor
64%
5Radón
63%
5Bromo
60%
5Bario
59%
4Cinc
59%
5Plomo
58%
5Cesio
56%
5Galio
49%
5Cromo
48%
5Talio
44%
5Indio
41%
5Rodio
36%
5Itrio
34%
5Osmio
31%
5Cerio
30%
5Curio
30%
5Renio
27%
5Torio
27%
5Tulio
27%
5Erbio
25%

Distribución de puntuación

Porcentaje por número respondido

Porcentaje de gente con cada puntuación

Historial de tus puntuaciones

No has intentado esta prueba.